00322 a2200097 450000100060000004000220000624000590002824500570008744000100014465000700015450726 cAnchieta - Pituba10aEnciclopédia e Dicionário Koogan Houaiss Digitall10aEnciclopédia e Dicionário Koogan Houaiss Digital 1aDelta 4aObras enciclopédicas gerais de línguas espanhola e portuguesa